| 000 | 00979cab a22002175a 4500 | ||
|---|---|---|---|
| 001 | L137573 | ||
| 008 | 070417e20070405xxk 000 0 eng d | ||
| 035 | _a(Sirsi) u137573 | ||
| 041 | 0 | _aeng | |
| 100 | 1 | _aPedder, Christopher | |
| 245 | 0 | 0 | _aLet's stick together...and do the right thing |
| 260 | _c2007 | ||
| 490 | 0 |
_aBuilding _v272(8474) 5 April 2007, 58-59(2) |
|
| 520 | _aSpecial feature on the new Construction (Design and Management) Regulations 2007 (CDM 2007). Explains how CDM 2007 will encourage collaborative working and partnering, with its emphasis on the integration of the project team and the co-ordination of activities. Also outlines the role of the CDM co-ordinator and the duties of clients. | ||
| 590 | _aKA | ||
| 650 | 2 | 4 | _aCONSTRUCTION (DESIGN AND MANAGEMENT) REGULATIONS 2007 |
| 651 | 4 |
_aGreat Britain _y1707- |
|
| 690 | _aBUILT ENVIRONMENT-CONSTRUCTION MANAGEMENT-CONSTRUCTION DESIGN AND MANAGEMENT | ||
| 700 | 1 | _aBirkby, Gillian | |
| 942 | _n0 | ||
| 999 |
_c78663 _d78663 |
||